| 000 | 00618nam a2200229Ia 4500 | ||
|---|---|---|---|
| 001 | 947 | ||
| 003 | GE_BSU | ||
| 008 | 181216s||||||||xx |||||||||||||| ||und|| | ||
| 020 | _a5891231867 | ||
| 040 | _cGE_BSU | ||
| 080 | _a808.5(075.8) | ||
| 245 | _aКультура русской речи. | ||
| 245 | _bУч-к для вузов | ||
| 245 | _cОтв.ред. Л.К.Граудина;Е.Н. Ширяев | ||
| 260 | _aМосква | ||
| 260 | _bНорма | ||
| 260 | _c2000 | ||
| 300 | _a560стр. | ||
| 653 | _aКультура русской речи. | ||
| 653 | _aРусский язык | ||
| 942 | _cBK | ||
| 999 |
_c35106 _d35106 |
||